More than news : media power in public affairs /

Bibliographic Details
Main Author: MacKuen, Michael
Other Authors: Coombs, Steven Lane
Format: Book
Language:English
Published: Beverly Hills : Sage Publications, [1981]
Series:People and communication ; v. 12.
Subjects:

MARC

Tag First Indicator Second Indicator Subfields
LEADER 00000cam a2200000 a 4500
001 in00000087604
005 20151008064857.0
008 810128s1981 caua b 00010 eng
010 |a  81000183  
019 |a 8184236 
020 |a 0803915756 
020 |a 0803915764 (pbk.) 
035 |a (OCoLC)07248541 
035 |9 AAK4961AM 
039 0 |a 2  |b 3  |c 3  |d 3  |e 3 
040 |a DLC  |c DLC  |d OCL  |d TXA  |d UtOrBLW 
043 |a n-us--- 
049 |a TXAM  |c [387936] 
050 0 0 |a PN4888.P6  |b M3 
082 0 |a 302.2/3  |2 19 
100 1 |a MacKuen, Michael. 
245 1 0 |a More than news :  |b media power in public affairs /  |c Michael Bruce MacKuen, Steven Lane Coombs ; foreword by Warren E. Miller. 
264 1 |a Beverly Hills :  |b Sage Publications,  |c [1981] 
264 4 |c ©1981 
300 |a 231 pages :  |b illustrations ;  |c 23 cm. 
336 |a text  |b txt  |2 rdacontent 
337 |a unmediated  |b n  |2 rdamedia 
338 |a volume  |b nc  |2 rdacarrier 
490 1 |a People and communication ;  |v v. 12 
504 |a Bibliography: 227-230. 
650 0 |a Press and politics  |z United States. 
650 0 |a Journalism  |x Social aspects  |z United States. 
650 0 |a Elections  |z United States. 
700 1 |a Coombs, Steven Lane. 
830 0 |a People and communication ;  |v v. 12. 
999 |a MARS 
999 f f |s df61fb63-f3b3-3668-889f-86837805d186  |i f591141d-09ab-3952-af64-5acd8490c844  |t 0 
952 f f |p ric  |a Texas A&M University  |b Rellis Campus  |c Joint Library Facility  |d Remote Storage  |t 0  |e PN4888.P6 M3  |h Library of Congress classification  |i unmediated -- volume  |m A14806179448 
998 f f |a PN4888.P6 M3  |t 0  |l Remote Storage